Normal view
MARC view
- البراعة التنظمية- المستشفيات الخاصة-الاردن
Entry Topical Term
001 - CONTROL NUMBER
- control field: 61417
003 - CONTROL NUMBER IDENTIFIER
- control field: JO-AjAnu
005 - DATE AND TIME OF LATEST TRANSACTION
- control field: 20230606084033.0
008 - FIXED-LENGTH DATA ELEMENTS
- fixed length control field: 230606|| aca||aabn | a|a d
040 ## - CATALOGING SOURCE
- Original cataloging agency: JO-AjAnu
- Transcribing agency: JO-AjAnu
150 ## - HEADING--TOPICAL TERM
- Topical term or geographic name entry element: البراعة التنظمية- المستشفيات الخاصة-الاردن
670 ## - SOURCE DATA FOUND
- Source citation: Work cat.: (JO-AjAnu)31328: إعداد شقاقحة، علاء محمد سلامة؛ اشراف علي فلاح مفلح الزعبي , author 61416, دور المنظمة المتعلمة في تحقيق البراعة التنظيمية لدى موظفي المستشفيات الخاصة في الاردن = The Role of Learning Organization in Achieving Organizational Prowess for Private Hospital Staff in Jordan